Top 5 Youtuberów Według Subskrypcji Na Świecie - Statystyki

Ogólne statystyki
  • Ten quiz został rozwiązany 62 razy
  • Średni wynik to 3 z 5
Statystyki odpowiedzi
Podpowiedż Kanał % Poprawnych
Rich Youtuber MrBeast
94%
BAJKI DLA DZIECI Cocomelon
64%
India T-Series
64%
India Best Dancer SET India
26%
BAJKI DLA DZIECI V2 Kids Diana Show
15%
Nie znaleziono quizów pasujących do podanych kryteriów
Rozkład punktacji
Procent ludzi z każdym wynikiem
Percentyl według liczby udzielonych odpowiedzi
Twoja historia wyników
Nie rozwiązałeś tego quizu